Crushing and screening handbook
Uloženo v:
| Korporativní autor: | |
|---|---|
| Médium: | Kniha |
| Jazyk: | angličtina |
| Vydáno: |
Helsinki
Metso Corporation
2011
|
| Vydání: | 5a. ed |
| Témata: | |
| Tagy: |
Přidat tag
Žádné tagy, Buďte první, kdo vytvoří štítek k tomuto záznamu!
|
MARC
| LEADER | 00000cam a2200000 a 4500 | ||
|---|---|---|---|
| 001 | UCF0255 | ||
| 003 | CL-VaPUC | ||
| 008 | 120510e20110000FI |||||||||||||||||eng|d | ||
| 082 | 0 | 4 | |a 622.73 |b MET |2 21 |
| 110 | 2 | |a Metso Corporation |e author |9 562118 | |
| 245 | 1 | 0 | |a Crushing and screening handbook |
| 250 | |a 5a. ed | ||
| 300 | |a pág. irreg | ||
| 942 | |c BK | ||
| 945 | |d 20120510 00:00:00 |a cmena | ||
| 260 | |a Helsinki |b Metso Corporation |c 2011 | ||
| 500 | |a Incluye Cd-Rom | ||
| 650 | 7 | |a CHANCADO |2 CL-VaPUC |9 562119 | |
| 650 | 0 | |a Minería |9 326008 | |
| 650 | 0 | |a Industria minera |9 260256 | |
| 650 | 7 | |a REFINAMIENTO |2 CL-VaPUC |9 562120 | |
| 650 | 0 | |a Protección del medio ambiente |9 257626 | |
| 650 | 0 | |a Máquinas herramientas |9 262583 | |
| 583 | |a last modification |c 20120928 04:47:17 |k Rodrigo Vera | ||
| 999 | |c 347692 |d 347690 | ||
| 952 | |0 0 |1 0 |4 0 |6 622_730000000000000_MET_2011 |7 0 |8 A |9 449195 |a BIBMEC |b BIBMEC |d 2019-11-22 |i 4866509 |o 622.73 MET 2011 |p 4866509 |r 2024-01-19 |w 2019-11-22 |y BK |k MEC | ||